Numeri primi entro il 100 in 35 secondi - Statistics

Statistiche generali
  • Questo quiz è stato fatto 252 volte
  • Il punteggio medio è 14 su 25
Statistiche sulle risposte
numeri primi % Corretto
3
99%
5
99%
7
99%
2
98%
11
97%
13
97%
17
95%
19
90%
23
88%
29
79%
31
74%
37
66%
41
57%
43
49%
47
45%
53
36%
59
29%
61
27%
67
25%
71
18%
73
15%
79
12%
97
12%
83
10%
89
9%
Nessun quiz corrispondente trovato
Distribuzione punteggi
Percentuale di utenti per punteggio
Percentile per numero di risposta
I tuoi punteggi nel tempo
Non hai fatto questo quiz